000 00819nam a2200241 i 4500
001 94272
003 ES-MaACL
005 20250907063056.0
007 t|
008 050427s1987 sp ||||1| spa d
020 _a84-320-7541-8
100 1 _aLópez Rodó, Laureano,
_d1920-2000
_973928
245 1 0 _aTestimonio de una política de Estado /
_cLaureano López Rodó; prólogo de Manuel Fraga Iribarne.
250 _a1ª ed.
260 _aBarcelona :
_bPlaneta,
_c1987.
300 _a295 p. :
_bil. ;
_c24 cm.
490 1 _aEspejo de España. Serie Biografías y memorias ;
_v133
504 _aIndice.
700 1 _aFraga Iribarne, Manuel,
_d1922-2012
_9193721
830 0 _aEspejo de España. Biografías y memorias
_v133
_9180516
852 _aES-MaACL
_jG-1763
_bR.114305
999 _c94272
_d94272